| 000 | 01051cam a2200205 i 4500 | ||
|---|---|---|---|
| 005 | 20260520101610.0 | ||
| 008 | 170814s2018 mauab b 001 0 eng c | ||
| 020 | _a9780674986725 (hbk.) | ||
| 082 | 0 | 0 | _a338.91095409045 ENG |
| 100 | 1 | _aEngerman, David C. | |
| 245 | 1 | 4 |
_aThe price of aid : _bthe economic cold war in India / _cDavid C. Engerman. |
| 260 |
_aLondon : _bHarvard University Press, _c2018. |
||
| 300 |
_avii, 501 p. ' _c25 cm. |
||
| 365 | _bRS. 799.00 | ||
| 505 | _a1. Debating Development and Discovering India; 2. Inventing Development Aid; 3. The Geopolitics of Economic Expertise; 4. The Aid Project and Cold War Competition; 5. "Free Money" and the Tilt toward the West; 6. Military Supply and the Vicissitudes of Aid Politics; 7. Bets, Bargains, and the Price of American Aid; 8. Soviet Aid from Inspiration to Armory; 9. India's Double Crisis and the Price of Aid; Conclusion: Development Politics and the Price of Aid. | ||
| 650 | 0 | _aEconomic assistance | |
| 650 | 0 | _aCold war | |
| 650 | 0 | _aGeopolitic. | |
| 942 |
_2ddc _cBK |
||
| 999 |
_c212234 _d212234 |
||